Klasifikované úvery v bankovej sústave Slovenskej republiky dizertačná práca

Gespeichert in:
Bibliographische Detailangaben
1. Verfasser: Lehetová, Jana
Körperschaft: Národohospodárska fakulta EU. Katedra bankovníctva a medzinárodných financií
Weitere Verfasser: Sobek, Otto
Format: Buch
Sprache:Slowakisch
Veröffentlicht: Bratislava 2002
Schlagworte:
Tags: Tag hinzufügen
Keine Tags, Fügen Sie das erste Tag hinzu!

MARC

LEADER 00000nam$a2200000$$$4500
001 0001911
005 20240104092527.3
041 0 |a slo 
044 |a SK 
245 1 0 |a Klasifikované úvery v bankovej sústave Slovenskej republiky  |b dizertačná práca  |c Jana Lehetová ; školiteľ: Otto Sobek 
264 1 |a Bratislava  |c 2002 
300 |a 121 s. 
610 2 0 |a úver bankový 
610 2 0 |a sústava banková 
610 2 0 |a bankovníctvo 
610 2 0 |a portfólio 
610 2 0 |a reštrukturalizácia 
610 2 0 |a Slovensko 
610 2 0 |a porovnanie medzinárodné 
610 2 0 |a Česko 
610 2 0 |a Maďarsko 
610 2 0 |a Slovinsko 
100 1 |a Lehetová, Jana 
700 1 |a Sobek, Otto 
710 2 |a Národohospodárska fakulta EU. Katedra bankovníctva a medzinárodných financií